| 000 -LEADER |
| fixed length control field |
01834cam a22003737a 4500 |
| 001 - CONTROL NUMBER |
| control field |
17238176 |
| 003 - CONTROL NUMBER IDENTIFIER |
| control field |
NUST |
| 005 - DATE AND TIME OF LATEST TRANSACTION |
| control field |
20221117094740.0 |
| 008 - FIXED-LENGTH DATA ELEMENTS--GENERAL INFORMATION |
| fixed length control field |
120402s2012 enka b 001 0 eng |
| 010 ## - LIBRARY OF CONGRESS CONTROL NUMBER |
| LC control number |
2011277051 |
| 015 ## - NATIONAL BIBLIOGRAPHY NUMBER |
| National bibliography number |
GBB199573 |
| Source |
bnb |
| 016 7# - NATIONAL BIBLIOGRAPHIC AGENCY CONTROL NUMBER |
| Record control number |
015874659 |
| Source |
Uk |
| 020 ## - INTERNATIONAL STANDARD BOOK NUMBER |
| International Standard Book Number |
9781107013223 (hbk.) |
| 020 ## - INTERNATIONAL STANDARD BOOK NUMBER |
| International Standard Book Number |
1107013224 (hbk.) |
| 020 ## - INTERNATIONAL STANDARD BOOK NUMBER |
| International Standard Book Number |
9781107601048 (pbk.) |
| 020 ## - INTERNATIONAL STANDARD BOOK NUMBER |
| International Standard Book Number |
1107601045 (pbk.) |
| 035 ## - SYSTEM CONTROL NUMBER |
| System control number |
(OCoLC)ocn751752415 |
| 040 ## - CATALOGING SOURCE |
| Original cataloging agency |
UKMGB |
| Language of cataloging |
eng |
| Transcribing agency |
UKMGB |
| Modifying agency |
YDXCP |
| -- |
CDX |
| -- |
NUI |
| -- |
BTCTA |
| -- |
BWX |
| -- |
MUU |
| -- |
DLC |
| 042 ## - AUTHENTICATION CODE |
| Authentication code |
lccopycat |
| 050 00 - LIBRARY OF CONGRESS CALL NUMBER |
| Classification number |
TK5102.9 |
| Item number |
.D344 2012 |
| 082 04 - DEWEY DECIMAL CLASSIFICATION NUMBER |
| Classification number |
621.38220151, DAN |
| Edition number |
23 |
| 100 1# - MAIN ENTRY--PERSONAL NAME |
| Personal name |
Damelin, Steven B. |
| 9 (RLIN) |
102760 |
| 245 14 - TITLE STATEMENT |
| Title |
The mathematics of signal processing / |
| Statement of responsibility, etc. |
Steven B. Damelin, Willard Miller, Jr. |
| 260 ## - PUBLICATION, DISTRIBUTION, ETC. |
| Place of publication, distribution, etc. |
Cambridge ; |
| -- |
New York : |
| Name of publisher, distributor, etc. |
Cambridge University Press, |
| Date of publication, distribution, etc. |
2012. |
| 300 ## - PHYSICAL DESCRIPTION |
| Extent |
xii, 449 p. : |
| Other physical details |
ill. ; |
| Dimensions |
25 cm. |
| 490 1# - SERIES STATEMENT |
| Series statement |
Cambridge texts in applied mathematics ; |
| Volume/sequential designation |
48 |
| 505 0# - FORMATTED CONTENTS NOTE |
| Formatted contents note |
Introduction (Page-1), Normed vector spaces (Page-3), Analytic tools (Page-73), Fourier series (Page-92),The Fourier transform (Page-127), Compressive sampling (Page-164), Discrete transforms (Page-208),Linear filters (Page-230), Windowed fourier and continuous wavelet transforms. Frames (Page-242),Multiresolution analysis (Page-272), Discrete wavelet theory (Page-341), Biorthogonal filters and wavelets (Page-367), Parsimonious representation of data (Page-401).<br/> |
| 650 #0 - SUBJECT ADDED ENTRY--TOPICAL TERM |
| Topical term or geographic name entry element |
Signal processing |
| General subdivision |
Mathematics. |
| 9 (RLIN) |
94002 |
| 700 1# - ADDED ENTRY--PERSONAL NAME |
| Personal name |
Miller, Willard. |
| 9 (RLIN) |
102761 |
| 830 #0 - SERIES ADDED ENTRY--UNIFORM TITLE |
| Uniform title |
Cambridge texts in applied mathematics ; |
| Volume/sequential designation |
48. |
| 9 (RLIN) |
10547 |
| 906 ## - LOCAL DATA ELEMENT F, LDF (RLIN) |
| a |
7 |
| b |
cbc |
| c |
copycat |
| d |
2 |
| e |
ncip |
| f |
20 |
| g |
y-gencatlg |
| 942 ## - ADDED ENTRY ELEMENTS (KOHA) |
| Source of classification or shelving scheme |
|
| Koha item type |
Book |